Detalles MARC
| 000 -CABECERA |
| campo de control de longitud fija |
01451nam a2200277 a 4500 |
| 001 - NÚMERO DE CONTROL |
| campo de control |
000017592 |
| 003 - IDENTIFICADOR DEL NÚMERO DE CONTROL |
| campo de control |
DO-SdBNP |
| 005 - FECHA Y HORA DE LA ÚLTIMA TRANSACCIÓN |
| campo de control |
20250306144251.0 |
| 008 - DATOS DE LONGITUD FIJA--INFORMACIÓN GENERAL |
| campo de control de longitud fija |
100329t1941 dr 000 0 spa d |
| 040 ## - FUENTE DE LA CATALOGACIÓN |
| Centro catalogador/agencia de origen |
DO-SdBNP |
| Lengua de catalogación |
spa |
| Centro/agencia transcriptor |
BNPHU |
| 049 ## - FONDOS LOCALES (OCLC) |
| Fondos de biblioteca |
BNPD |
| 082 ## - NÚMERO DE LA CLASIFICACIÓN DECIMAL DEWEY |
| Número de clasificación |
F-RD 85 |
| 100 1# - ENTRADA PRINCIPAL--NOMBRE DE PERSONA |
| Nombre de persona |
Garrido, Max R. |
| 9 (RLIN) |
38363 |
| 245 13 - MENCIÓN DE TÍTULO |
| Título |
La guardia universitaria "Presidente Trujillo" : |
| Resto del título |
como factor de cooperación en la disciplina, la cultura, y el auge de la universidad. Su aportación a la política renovadora de la patria. |
| 260 ## - PUBLICACIÓN, DISTRIBUCIÓN, ETC. |
| Lugar de publicación, distribución, etc. |
Ciudad Trujillo, República Dominicana : |
| Nombre del editor, distribuidor, etc. |
Cosmopolita, |
| Fecha de publicación, distribución, etc. |
1941. |
| 300 ## - DESCRIPCIÓN FÍSICA |
| Extensión |
24 p. ; |
| Dimensiones |
23 cm. |
| 490 1# - MENCIÓN DE SERIE |
| Mención de serie |
Publicaciones del Partido Trujillista |
| Designación de volumen o secuencia |
2 |
| 504 ## - NOTA DE BIBLIOGRAFÍA, ETC. |
| Nota de bibliografía, etc. |
Incluye bibliografía y notas al pie de páginas. |
| 505 0# - NOTA DE CONTENIDO CON FORMATO |
| Nota de contenido con formato |
Conferencia pronunciada en el Paraninfo de la Universidad de Santo Domingo, la noche del 23 de septiembre de 1941, por el licenciado Max Garrido, Secretario General de la misma, Mayor de Leyes de la guardia universitaria "Presidente Trujillo". Publicada en Anales de la Universidad de Santo Domingo, (5), fasc.3, jul-sept., 1941. |
| 610 24 - PUNTO DE ACCESO ADICIONAL DE MATERIA--NOMBRE DE ENTIDAD CORPORATIVA |
| Nombre de entidad corporativa o nombre de jurisdicción como elemento de entrada |
Universidad autónoma de Santo Domingo |
| Subdivisión general |
Historia |
| 9 (RLIN) |
18294 |
| 650 #4 - PUNTO DE ACCESO ADICIONAL DE MATERIA--TÉRMINO DE MATERIA |
| Término de materia o nombre geográfico como elemento de entrada |
Estudiantes universitarios |
| Subdivisión general |
Actividad política |
| Subdivisión geográfica |
República Dominicana |
| 9 (RLIN) |
38364 |
| 650 #4 - PUNTO DE ACCESO ADICIONAL DE MATERIA--TÉRMINO DE MATERIA |
| Término de materia o nombre geográfico como elemento de entrada |
Universidades |
| Subdivisión geográfica |
República Dominicana |
| 9 (RLIN) |
729 |
| 830 #0 - PUNTO DE ACCESO ADICIONAL DE SERIE-TÍTULO UNIFORME |
| Título uniforme |
Publicaciones del Partido Trujillista |
| Número de parte o sección de la obra |
2 |
| 9 (RLIN) |
38365 |
| 910 ## - DATOS DE OPCIÓN DEL USUARIO (OCLC) |
| Datos de opción del usuario |
Validado. Control de calidad EMS. |
| 942 ## - ELEMENTOS DE PUNTO DE ACCESO ADICIONAL (KOHA) |
| Fuente del sistema de clasificación o colocación |
Dewey Decimal Classification |
| Tipo de ítem Koha |
Folleto |